Foundations of British foreign policy, from Pitt (1792) to Salisbury (1902) /

Bibliographic Details
Main Author: Temperley, Harold William Vazeille, 1879-1939
Other Authors: Penson, Lillian Margery, Dame, 1896-1963
Format: Book
Language:English
Published: New York : Barnes & Noble, [1966]
Subjects:

MARC

Tag First Indicator Second Indicator Subfields
LEADER 00000cam a2200000 4500
001 in00000068944
005 20151008050851.0
008 720906r19661938nyu b 00000 eng u
010 |a  66003832  
035 |a (OCoLC)00399933 
035 |9 AAG3927AM 
040 |c WSU  |d TXA  |d UtOrBLW 
049 |a TXAM  |c [463595] 
050 0 |a DA530  |b .T4 1966 
092 |a 327.42  |b T282f 
100 1 |a Temperley, Harold William Vazeille,  |d 1879-1939. 
245 1 0 |a Foundations of British foreign policy, from Pitt (1792) to Salisbury (1902) /  |c old and new documents selected and edited by Harold Temperley and Lillian M. Penson. 
264 1 |a New York :  |b Barnes & Noble,  |c [1966] 
300 |a 573 pages 
336 |a text  |b txt  |2 rdacontent 
337 |a unmediated  |b n  |2 rdamedia 
338 |a volume  |b nc  |2 rdacarrier 
504 |a Includes bibliographical references. 
651 0 |a Great Britain  |x Foreign relations  |y 19th century. 
651 0 |a Great Britain  |x History  |y 19th century  |x Sources. 
651 0 |a Great Britain  |x Foreign relations  |y 1789-1820. 
651 0 |a Great Britain  |x History  |y 1789-1820  |x Sources. 
700 1 |a Penson, Lillian Margery,  |c Dame,  |d 1896-1963. 
999 |a MARS 
999 f f |s fb8d5d7b-1a7c-3655-8d5d-834ad8d85fc1  |i 2817f700-e391-3c29-aab2-32b8b57fffd2  |t 0 
952 f f |p ric  |a Texas A&M University  |b Rellis Campus  |c Joint Library Facility  |d Remote Storage  |t 0  |e DA530 .T4 1966  |h Library of Congress classification  |i unmediated -- volume  |m A14800674806 
998 f f |a DA530 .T4 1966  |t 0  |l Remote Storage